000 00381nam a2200133Ia 4500
008 151001s9999||||xx |||||||||||||| ||und||
100 _aसिंह गिल त्रिलोचन
245 _aभारतीय स्वतंत्रता आंदोलन
250 _a1
260 _bगणपती
260 _c2001
300 _a160
365 _b21
999 _c978101
_d978098